| 000 | 00352 a2200133 4500 | ||
|---|---|---|---|
| 005 | 20250605111447.0 | ||
| 020 | _a9 781800 612389 | ||
| 082 | _a338.HEA | ||
| 245 | _aHealth Taxes: Policy and Practice | ||
| 260 |
_aLondon, _bWorld Scientific, _c2022. |
||
| 300 |
_aix,513p.;ill.; tables.; _bReferences.; _c23cm. |
||
| 700 | _aLAUER, J.A. | ||
| 942 |
_2ddc _cBKS |
||
| 999 |
_c3207 _d3207 |
||